Winston Churchill - Statistics

General Stats
  • This quiz has been taken 90 times
  • The average score is 7 of 15
Answer Stats
Hint Answer % Correct
Soviet member of the 'Big Three' Joseph Stalin
76%
American member of the 'Big Three' Franklin Delaware Roosevelt
75%
Year he became Prime Minister for the first time 1940
73%
Country in which he became a prisoner, only to escape South Africa
65%
Party he switched to in 1904 The Liberal Party
65%
Military disaster he was blamed for which led to his sacking Gallipoli
58%
Palace where he was born Blenheim Palace
51%
Current (Jan 2015) Tory Mayor of London who wrote a book about him Boris Johnson
49%
Position he held at the start of World War One First Lord of the Admiralty
42%
'An appeaser is one who feeds a crocodile, hoping it will eat him ____' last
41%
Year he switched back to the Conservative Party 1924
35%
High ranking position his father held in government Chancellor of the Exchequer
28%
Operation he planned, never enforced, in which US and British troops would turn and push the Soviets back to Moscow Operation Unthinkable
14%
Seat he stood for at the 1900 general election Oldham
11%
The street 'battle' which he directed which led to his mocking The Battle of Sidney Street
11%
No matching quizzes found
Score Distribution
Percent of People with Each Score
Percentile by Number Answered
Your Score History
You have not taken this quiz